Prowincje w Chinach - quiz na mapie - Statystyki

Ogólne statystyki
  • Ten quiz został rozwiązany 1 444 razy
  • Średni wynik to 10 z 32
Odpowiedzi na mapie
Odpowiedzi zakodowano w zielono-czerwonej skali na mapie do tego quizu, zgodnie z poniższymi procentami.
 
Statystyki odpowiedzi
Odpowiedź % Poprawnych
Tybet
79%
Mongolia Wewnętrzna
68%
Pekin
66%
Hong Kong /
Makau
61%
Szanghaj
57%
Sinciang
46%
Syczuan
43%
Hajnan
42%
Tiencin
36%
Chongqing
35%
Guangdong
34%
Junnan
34%
Shaanxi
28%
Heilongjiang
27%
Fujian
25%
Anhui
24%
Gansu
24%
Qinghai
24%
Shanxi
24%
Szantung
24%
Hebei
22%
Kuangsi
22%
Ningxia
22%
Hubei
21%
Jilin
21%
Liaoning
21%
Zhejiang
20%
Henan
19%
Hunan
18%
Jiangsu
18%
Kuejczou
17%
Jiangxi
16%
Nie znaleziono quizów pasujących do podanych kryteriów
Rozkład punktacji
Procent ludzi z każdym wynikiem
Percentyl według liczby udzielonych odpowiedzi
Twoja historia wyników
Nie rozwiązałeś tego quizu